00727 a2200145 4500003000500000005001700005040000900022082001500031100002100046245007100067260003000138300002600168505036100194650002600555Nust20221208120701.0 cNust a530.41,KIT aKittel, Charles. aElementary solid state physics;ba short course.cKittel, Charles. aNew Yorkb Wileyc[1962] a339 p.billus. 24 cm. aCrystal Structure (Page-1), Diffraction of Waves By Crystals (Page-29), Thermal Properties of solids (Page-45), Dielectric Properties (Page-69), Free electron Model of Metals (Page-106), Band Theory of Solids (Page-143), Semiconductors Physics and Devises (Page-199), Magnetism and Magnetic Resonance (Page-251), Dislocations Strength of Solids (Page-305). a solid state physics;